Onset of stuttering in preschool children : selected factors (Record no. 73730)

MARC details
000 -CABECERA
campo de control de longitud fija 00639nam a2200229 a 4500
005 - FECHA Y HORA DE LA ÚLTIMA TRANSACCIÓN
campo de control 20210219153316.0
008 - ELEMENTOS DE LONGITUD FIJA--INFORMACIÓN GENERAL
campo de control de longitud fija 991125n 000 0 eng u
035 ## - NÚMERO DE CONTROL DEL SISTEMA
Número de control de sistema UPN01000090732
100 ## - ASIENTO PRINCIPAL--NOMBRE PERSONAL
Nombre de persona Yairi, Ehud
222 ## - TÍTULO CLAVE
Título clave JOURNAL OF SPEECH, LANGUAGE, AND HEARING RESEARCH
245 ## - MENCIÓN DE TÍTULO
Título Onset of stuttering in preschool children : selected factors
300 ## - DESCRIPCIÓN FÍSICA
Extensión 782-788
362 ## - FECHAS DE PUBLICACIÓN Y/O DESIGNACIÓN SECUENCIAL
Fecha de publicación y/o designación secuencial 35, No. 4, 1992
505 ## - NOTA DE CONTENIDO CON FORMATO PREESTABLECIDO
Nota de contenido con formato Agosto 1993
653 0# - TERMINO DE INDIZACION - NO CONTROLADO
Término no controlado DIAGNOSTICO CLINICO
653 0# - TERMINO DE INDIZACION - NO CONTROLADO
Término no controlado DIFERENCIAS SEXUALES
653 0# - TERMINO DE INDIZACION - NO CONTROLADO
Término no controlado EDAD
653 0# - TERMINO DE INDIZACION - NO CONTROLADO
Término no controlado TARTAMUDEZ
700 ## - ASIENTO SECUNDARIO--NOMBRE DE PERSONAL
Nombre de persona Ambrose, Nicoline Grinager
904 ## - ELEMENTOS DE DATOS D LOCAL, LDD (RLIN)
a AC
b 028543
905 ## - TIPO DE MATERIAL
Tipo de material Articulo

No items available.